000 00607nam a2200241 a 4500
001 nice12345678
003 IN_TiNIC
005 20260116011638.0
008 050524s1955 hyda grp 000 0 urd
020 _a
_c100
082 0 0 _a297.122
_bABD
100 _aAbdul, Latif Syed
245 _aWuh Zehan Jis Ki Tamir Qur`an Karta Hai
260 _aHyderabad
_bAcademy of Islamic Studies
_c1955
300 _a208p.
500 _aincludes index and biblioraphy
505 2 _aThesis
650 _aQuran-Appreciation
700 1 _aAbdul, Latif Syed
902 _bSRS
942 _cBK
999 _c3104
_d3104